Vzdelanie - základná podmienka rozvoja ekonomiky Slovenskej republiky

Potreba SR zabezpečiť primeraný rozvoj vzdelanosti a tvorivého potenciálu obyvateľstva reprezentovaného vedeckovýskumnou základňou. Výdavky na vzdelanie v SR z hľadiska ich podielu na HDP a z hľadiska ich absolútnej výšky na obyvateľa. Vývoj výdavkov vysokých škôl. Trend zvyšovania podielu obyvateľs...

Descrizione completa

Salvato in:
Dettagli Bibliografici
Autore principale: Klas, Antonín
Natura: Capitolo di libro
Lingua:slovacco
Soggetti:
Tags: Aggiungi Tag
Nessun Tag, puoi essere il primo ad aggiungerne!!

MARC

LEADER 00000naa a2200000 4500
001 r040440
005 20230929073417.3
041 0 |a slo 
044 |a SK 
245 1 0 |a Vzdelanie - základná podmienka rozvoja ekonomiky Slovenskej republiky  |c Antonín Klas 
520 |a Potreba SR zabezpečiť primeraný rozvoj vzdelanosti a tvorivého potenciálu obyvateľstva reprezentovaného vedeckovýskumnou základňou. Výdavky na vzdelanie v SR z hľadiska ich podielu na HDP a z hľadiska ich absolútnej výšky na obyvateľa. Vývoj výdavkov vysokých škôl. Trend zvyšovania podielu obyvateľstva s vyšším stupňom vzdelania vo všetkých hospodársky vyspelých krajinách. 
610 2 0 |a vzdelanie 
610 2 0 |a rozvoj hospodársky 
610 2 0 |a Slovensko 
610 2 0 |a výdavky 
610 2 0 |a školstvo 
610 2 0 |a školy 
610 2 0 |a výskum 
610 2 0 |a vývoj 
610 2 0 |a štúdium vysokoškolské 
610 2 0 |a školy vysoké 
610 2 0 |a 1989-1998 
100 1 |a Klas, Antonín